Which Nordic Country... – Click on the Flag - Statistics

General Stats
  • This quiz has been taken 935 times
  • The average score is 13 of 20
Answer Stats
Hint Answer % Correct
... gained independence from Russia in 1917?
90%
... has active volcanoes?
88%
... is called "Suomi" in its native language?
87%
... doesn't have snakes?
85%
... is the country where Lego comes from?
83%
... has won the Eurovision Song Contest the most times?
80%
... is the origin of the sauna?
80%
... has the northernmost point in Europe that can be accessed by road?
75%
... hosted the Winter Olympics twice?
68%
... doesn't have a currency named "krone" or "krona"?
64%
... is home to excentric singer Björk?
64%
... was home to children's book author Astrid Lindgren?
63%
... has a government pension fund that is worth more than 1 trillion dollars?
63%
... was, in 1973, the first of the five countries to become a member of the European Community?
60%
... is known for horses that can never return once they have left the country?
57%
... has won a men's EURO in football?
56%
... was the last of the five to join NATO?
51%
... is divided into provinces called "fylke"?
43%
... generates more than 25% of its energy from wind power?
41%
... got a German-born queen in 1976?
36%
No matching quizzes found
Score Distribution
Percent of People with Each Score
Percentile by Number Answered
Your Score History
You have not taken this quiz